<?xml version="1.0" encoding="UTF-8"?>
<record
    xmlns:xsi="http://www.w3.org/2001/XMLSchema-instance"
    xsi:schemaLocation="http://www.loc.gov/MARC21/slim http://www.loc.gov/standards/marcxml/schema/MARC21slim.xsd"
    xmlns="http://www.loc.gov/MARC21/slim">

  <leader>00594nam a22001817a 4500</leader>
  <datafield tag="952" ind1=" " ind2=" ">
    <subfield code="a">0001</subfield>
    <subfield code="b">0001</subfield>
    <subfield code="d">2020-07-28</subfield>
    <subfield code="l">0</subfield>
    <subfield code="o">ATA 923.1561 A72 1981</subfield>
    <subfield code="p">019306</subfield>
    <subfield code="r">2020-07-28 00:00:00</subfield>
    <subfield code="w">2020-07-28</subfield>
    <subfield code="y">BKS</subfield>
  </datafield>
  <datafield tag="999" ind1=" " ind2=" ">
    <subfield code="c">13851</subfield>
    <subfield code="d">13851</subfield>
  </datafield>
  <controlfield tag="003">MIRAKIL</controlfield>
  <controlfield tag="005">20200728120003.0</controlfield>
  <controlfield tag="008">200728b        tu ||||| |||| 00| 0 tur d</controlfield>
  <datafield tag="040" ind1=" " ind2=" ">
    <subfield code="a">TR-AnCHP</subfield>
    <subfield code="b">tur</subfield>
    <subfield code="c">TR-AnCHP</subfield>
  </datafield>
  <datafield tag="082" ind1=" " ind2=" ">
    <subfield code="a">ATA 923.1561</subfield>
    <subfield code="b">A72 1981</subfield>
  </datafield>
  <datafield tag="245" ind1=" " ind2=" ">
    <subfield code="a">Mustafa Kemal'i anlamak/</subfield>
    <subfield code="c">Haz&#x131;rlayan Fahr&#xFC;nnisa Kad&#x131;be&#x15F;egil</subfield>
  </datafield>
  <datafield tag="260" ind1=" " ind2=" ">
    <subfield code="a">Ankara:</subfield>
    <subfield code="b">Olu&#x15F;um,</subfield>
    <subfield code="c">1981.</subfield>
    <subfield code="f">Olga&#xE7; Matbaas&#x131;.</subfield>
  </datafield>
  <datafield tag="300" ind1=" " ind2=" ">
    <subfield code="a">157 s.:</subfield>
    <subfield code="b">fotg.;</subfield>
    <subfield code="c">18 sm.</subfield>
  </datafield>
  <datafield tag="504" ind1=" " ind2=" ">
    <subfield code="a">Kaynak&#xE7;a b&#xF6;l&#xFC;m sonlar&#x131;ndad&#x131;r.</subfield>
  </datafield>
  <datafield tag="600" ind1=" " ind2=" ">
    <subfield code="a">Atat&#xFC;rk, Mustafa Kemal</subfield>
    <subfield code="d">1881-1938</subfield>
  </datafield>
  <datafield tag="700" ind1=" " ind2=" ">
    <subfield code="9">6336</subfield>
    <subfield code="a">Kad&#x131;be&#x15F;eg&#xFC;l, Fahrunnisa </subfield>
    <subfield code="e">haz.</subfield>
  </datafield>
  <datafield tag="942" ind1=" " ind2=" ">
    <subfield code="c">BKS</subfield>
  </datafield>
</record>
